[Event "Chigorin Memorial"]
[Site "St Petersburg RUS"]
[Date "2013.10.11"]
[Round "7.112"]
[White "Chernov, Maksim"]
[Black "Scheglov, Dmitry"]
[Result "1-0"]
[WhiteElo "1962"]
[BlackElo "1770"]
[WhiteFideId "24194280"]
[BlackFideId "34145750"]
[EventDate "2013.10.05"]

1. e4 e6 2. d4 d5 3. Nc3 Bb4 4. a3 Bxc3+ 5. bxc3 dxe4 6. Qg4 Nf6 7. Qxg7 Rg8 8.
Qh6 Rg6 9. Qd2 c5 10. Ne2 Nc6 11. Bb2 Bd7 12. Ng3 Qb6 13. O-O-O O-O-O 14. Qf4
Ne7 15. c4 Nf5 16. Nxf5 exf5 17. d5 Re8 18. g3 Qc7 19. Qd2 Ng4 20. Re1 Ne5 21.
Be2 Ra6 22. Qc3 f6 23. f4 exf3 24. Bxf3 Ra4 25. Be2 Qd6 26. Bd3 Qa6 27. Rhf1 Rg8
28. Rf4 Rg4 29. Ref1 h5 30. Be2 Rg5 31. Rh4 Be8 32. Bd3 Bd7 33. Rhf4 Rg4 34. Be2
Rg5 35. h4 Rg7 36. Bxh5 Rxc4 37. Rxc4 Qxc4 38. Qxc4 Nxc4 39. Bxf6 Rxg3 40. Be2
Ne3 41. Rh1 Nxd5 42. Bb2 f4 43. h5 Nc3 44. Bd3 Bc6 45. Bxc3 Bxh1 46. h6 Kc7 47.
h7 Rh3 48. h8=Q Rxh8 49. Bxh8 Kd6 50. Kd2 Kd5 51. c4+ Ke6 52. Ke2 a6 53. Bh7 b5
54. Bd3 bxc4 55. Bxc4+ Bd5 56. Bxa6 Kd6 57. Bd3 c4 58. Bc2 Kc5 59. Be5 f3+ 60.
Ke3 Kb5 61. Bc3 Kc5 62. Be1 Bc6 63. Bf2 Bb7 64. Kd2+ Kb5 65. Kc3 Bd5 66. Kd4 Bc6
67. Be1 c3 68. Bf2 Ka5 69. Kxc3 Ba4 70. Be4 Bd1 71. Bc6 Be2 72. Kb3 Bd1+ 73. Kc4
Be2+ 74. Kc5 Bd1 75. Bb5 Be2 76. Be1# 1-0

[Event "Chigorin Memorial"]
[Site "St Petersburg RUS"]
[Date "2013.10.11"]
[Round "7.113"]
[White "Gantsevich, Aleksei"]
[Black "Tskhadadze, Anna"]
[Result "1/2-1/2"]
[WhiteElo "1922"]
[BlackElo "1806"]
[WhiteFideId "24131610"]
[BlackFideId "4165098"]
[EventDate "2013.10.05"]

1. e4 c6 2. d3 d5 3. Nd2 g6 4. Ngf3 Bg7 5. g3 Nf6 6. Bg2 O-O 7. O-O dxe4 8. dxe4
Nbd7 9. Qe2 Nb6 10. a4 a5 11. Rd1 Qc7 12. Nb3 Bg4 13. h3 Bxf3 14. Bxf3 Rfd8 15.
Bd2 Nbd7 16. Bc3 Ne8 17. Nd4 e5 18. Nb3 b6 19. Bg2 Nf8 20. Bd2 Ne6 21. c3 Rd7
22. Be3 Rad8 23. Rxd7 Rxd7 24. Rf1 c5 25. Nd2 Qc6 26. b3 Qc8 27. Qb5 Qd8 28. Nc4
Nd6 29. Qxb6 Qxb6 30. Nxb6 Rb7 31. Nd5 Rxb3 32. Rd1 Nc4 33. Bc1 Nb2 34. Bxb2
Rxb2 35. Bf1 Ng5 36. Ne7+ Kf8 37. Nc6 Bf6 38. Bg2 Ra2 39. Rd5 Ne6 40. Nxa5 Rxa4
41. Nc6 Ra3 42. c4 Rc3 43. Bf1 Ng5 44. Bg2 Rxc4 45. Nxe5 Bxe5 46. Rxe5 Ne6 47.
f4 Nc7 48. Rg5 h6 49. Rg4 Nb5 50. Bf1 Rc1 51. f5 g5 52. e5 Nd4 53. f6 Nf3+ 54.
Kf2 Rxf1+ 55. Kxf1 Nh2+ 56. Ke2 Nxg4 57. hxg4 Ke8 58. Kd3 Kd7 59. Kc4 Ke6 60.
Kxc5 Kxe5 61. Kc6 Kxf6 62. Kd5 Kg6 63. Ke5 h5 64. gxh5+ Kxh5 65. Kf5 Kh6 1/2-1/2

[Event "Chigorin Memorial"]
[Site "St Petersburg RUS"]
[Date "2013.10.11"]
[Round "7.114"]
[White "Zakharov, Yuri"]
[Black "Hyoetylae, Tapio"]
[Result "1/2-1/2"]
[WhiteElo "1891"]
[BlackElo "1796"]
[WhiteFideId "4166620"]
[BlackFideId "501026"]
[EventDate "2013.10.05"]

1. Nf3 Nf6 2. g3 Nc6 3. Bg2 e5 4. d3 g6 5. e4 Bg7 6. O-O O-O 7. Nbd2 d6 8. Nc4
h6 9. a4 Be6 10. Re1 Nh7 11. c3 a5 12. Be3 Nf6 13. h3 Nxe4 14. Ncxe5 Nxf2 15.
Nxc6 Nxd1 16. Nxd8 Nxe3 17. Nxe6 Nxg2 18. Kxg2 fxe6 19. Rxe6 Rae8 20. Rae1 Kf7
21. R6e2 Rxe2+ 22. Rxe2 Re8 23. Rxe8 Kxe8 24. d4 Ke7 25. Kf2 Ke6 26. Ke3 Bf6 27.
c4 c6 28. Ke4 b5 29. d5+ Kd7 30. b3 Kc7 31. g4 Kd7 32. h4 c5 33. h5 gxh5 34.
gxh5 Ke7 35. Kf5 Kf7 36. Nh2 Bc3 37. Nf3 Bf6 38. Nh2 Be7 39. Nf3 Bf6 40. Nd2 Bc3 1/2-1/2

[Event "Chigorin Memorial"]
[Site "St Petersburg RUS"]
[Date "2013.10.11"]
[Round "7.115"]
[White "Klimentiev, Sergey"]
[Black "Rybakova, Polina"]
[Result "1-0"]
[WhiteElo "1877"]
[BlackElo "1794"]
[WhiteFideId "24155896"]
[BlackFideId "24178829"]
[EventDate "2013.10.05"]

1. e4 c5 2. Nf3 d6 3. d4 cxd4 4. Nxd4 Nf6 5. Nc3 a6 6. Be2 e5 7. Nf3 Be7 8. h3
O-O 9. O-O b5 10. Bg5 Nbd7 11. Bd3 Bb7 12. Be3 Rc8 13. Nd2 d5 14. exd5 b4 15.
Nce4 Nxd5 16. Ng3 Bc5 17. Bxc5 Nxc5 18. Bf5 Rc7 19. Nf3 g6 20. Bd3 Re7 21. Re1
Qc7 22. Qd2 Nf4 23. Ne4 f5 24. Bc4+ Kg7 25. Nxc5 Qxc5 26. b3 Rfe8 27. Re3 a5 28.
Kh2 Nh5 29. Rae1 Nf6 30. Nh4 Rd7 31. Rd3 Red8 32. Qg5 e4 33. Rde3 Qe5+ 34. f4
Qc5 35. Rg3 Nd5 36. Nxf5+ Kf7 37. Nh6+ Kf8 38. Rxe4 Rd6 39. Bxd5 Bxd5 40. Qe7# 1-0

[Event "Chigorin Memorial"]
[Site "St Petersburg RUS"]
[Date "2013.10.11"]
[Round "7.116"]
[White "Pitkanen, Juhani"]
[Black "Klevets, Ksenia"]
[Result "0-1"]
[WhiteElo "1744"]
[BlackElo "1872"]
[WhiteFideId "504432"]
[BlackFideId "24157937"]
[EventDate "2013.10.05"]

1. d4 d5 2. c4 c6 3. Nc3 Nf6 4. Nf3 a6 5. c5 Nbd7 6. b3 g6 7. Bb2 Bg7 8. e3 O-O
9. Bd3 Ne8 10. b4 e5 11. dxe5 Nxe5 12. Be2 Nxf3+ 13. Bxf3 Qh4 14. a3 a5 15. b5
Nc7 16. bxc6 bxc6 17. Na4 Bxb2 18. Nxb2 Rb8 19. Nd3 Ne6 20. Bg4 Nxc5 21. Bxc8
Nxd3+ 22. Qxd3 Rfxc8 23. O-O Qa4 24. Rfb1 Rb5 25. Rxb5 cxb5 26. Qxd5 Qxa3 27.
Rd1 b4 28. Qd7 Qc3 29. Qa4 Qc2 30. Rd8+ Kg7 31. Qa1+ Qc3 32. Rg8+ Kxg8 0-1

[Event "Chigorin Memorial"]
[Site "St Petersburg RUS"]
[Date "2013.10.11"]
[Round "7.117"]
[White "Jourde, Michel"]
[Black "Sorokina, Svetlana"]
[Result "0-1"]
[WhiteElo "1849"]
[BlackElo "1716"]
[WhiteFideId "644994"]
[BlackFideId "24166006"]
[EventDate "2013.10.05"]

1. e4 c5 2. d4 cxd4 3. c3 dxc3 4. Nxc3 d6 5. Bc4 e6 6. Nf3 Nc6 7. Qe2 Nf6 8. O-O
a6 9. Rd1 Qc7 10. Bf4 Ne5 11. Bb3 Be7 12. Rac1 Qb8 13. Bxe5 dxe5 14. Ba4+ b5 15.
Nxb5 axb5 16. Bxb5+ Bd7 17. Rxd7 Nxd7 18. Rd1 Ra7 19. a4 Bd6 20. Qd2 Ke7 21.
Bxd7 Rxd7 22. Qg5+ Ke8 23. Qxg7 Bf8 0-1

[Event "Chigorin Memorial"]
[Site "St Petersburg RUS"]
[Date "2013.10.11"]
[Round "7.118"]
[White "Elizarova, Taisia"]
[Black "Khatenever, Feliks"]
[Result "0-1"]
[WhiteElo "1715"]
[BlackElo "1837"]
[WhiteFideId "24128350"]
[BlackFideId "4131800"]
[EventDate "2013.10.05"]

1. d4 Nf6 2. c4 g6 3. Nf3 Bg7 4. Nc3 d5 5. cxd5 Nxd5 6. e3 O-O 7. Bc4 Nxc3 8.
bxc3 c5 9. O-O Qc7 10. Be2 Bf5 11. Bd3 Bg4 12. Rb1 Nc6 13. h3 Be6 14. Qd2 Rfd8
15. Ba3 b6 16. Qc2 Na5 17. Qe2 c4 18. Be4 Bd5 19. Bxd5 Rxd5 20. e4 Rdd8 21. Nd2
a6 22. Bb4 b5 23. Ra1 Nc6 24. Bc5 Ne5 25. Nf3 Nd3 26. Ba3 a5 27. Rab1 Rab8 28.
Ne1 b4 29. Bc1 Nxc1 30. Rxc1 bxc3 31. Rxc3 Rbc8 32. Nf3 Bxd4 33. Nxd4 Rxd4 34.
Rfc1 e5 35. f3 Kg7 36. Qc2 h5 37. Qa4 Qc5 38. Kh2 Qb4 39. Ra3 Qxa4 40. Rxa4 Rc5
41. Rc3 h4 42. Kg1 Kf6 43. Kf1 Kg5 44. Ke2 f5 45. Rc2 Kf4 46. exf5 gxf5 47. Ra3
Kg3 48. Ke1 Rb5 49. Rac3 Rb1+ 50. Ke2 Rg1 51. Rxc4 Rxg2+ 52. Ke1 Rxc4 53. Rxc4
Rxa2 54. Rc5 Kf4 55. Rc4+ e4 0-1

[Event "Chigorin Memorial"]
[Site "St Petersburg RUS"]
[Date "2013.10.11"]
[Round "7.119"]
[White "Skafar, Darya"]
[Black "Bezobrazov, Lev"]
[Result "1-0"]
[WhiteElo "1828"]
[BlackElo "1648"]
[WhiteFideId "24167169"]
[BlackFideId "4152409"]
[EventDate "2013.10.05"]

1. e4 Nf6 2. e5 Nd5 3. d4 d6 4. c4 Nb6 5. exd6 exd6 6. Nc3 Be7 7. Be2 O-O 8. Nf3
Bg4 9. h3 Bf5 10. O-O Nc6 11. d5 Nb8 12. Be3 h6 13. Rc1 N8d7 14. b3 c6 15. Nd4
Bh7 16. dxc6 Ne5 17. cxb7 Rb8 18. f4 Nexc4 19. Bxc4 Nxc4 20. bxc4 Rxb7 21. Nc6
Qd7 22. Nxe7+ Qxe7 23. Nd5 Qe6 24. Bd4 Rfb8 25. Re1 Be4 26. Bxg7 f5 27. Ba1 Kf7
28. Qh5+ Kf8 29. Nf6 Rb2 30. Bxb2 Rxb2 31. Nxe4 fxe4 32. Qd5 Qg6 33. Qxe4 Qf7
34. Qd4 Rb6 35. Qh8+ Qg8 36. Re8+ 1-0

[Event "Chigorin Memorial"]
[Site "St Petersburg RUS"]
[Date "2013.10.11"]
[Round "7.120"]
[White "Halikov, Bulat"]
[Black "Mikhaylov, Dimitri"]
[Result "1-0"]
[WhiteElo "1611"]
[BlackElo "1819"]
[WhiteFideId "34147869"]
[BlackFideId "13901273"]
[EventDate "2013.10.05"]

1. e4 Nf6 2. e5 Nd5 3. c4 Nb6 4. d4 d6 5. exd6 cxd6 6. Nc3 g6 7. Nf3 Bg7 8. Bd3
Nc6 9. Be3 O-O 10. O-O d5 11. c5 Nc4 12. Bxc4 dxc4 13. d5 Nb4 14. d6 Nd3 15. Qc2
exd6 16. cxd6 Qxd6 17. Nb5 Qb4 18. Nc7 Bf5 19. Nxa8 Nxb2 20. Qd2 c3 21. Qd5 Rxa8
22. Qb3 Qe4 23. Ng5 Qe7 24. Nf3 Qd7 25. Ne1 a5 26. a4 Rc8 27. Nc2 Be6 28. Qb6
Nxa4 29. Qxa5 Bb3 30. Rfd1 Qe8 31. Rdc1 Nb2 32. Nd4 c2 33. Nxb3 Nc4 34. Qe1 Bxa1
35. Rxa1 Nb2 36. Qd2 Nc4 37. Qe1 Nxe3 38. Qxe3 Qxe3 39. fxe3 Rc3 40. Nc1 b5 41.
Kf2 b4 42. Ra8+ Kg7 43. Rb8 Rc4 44. Ke2 f5 45. Kd3 Re4 46. Rc8 1-0

[Event "Chigorin Memorial"]
[Site "St Petersburg RUS"]
[Date "2013.10.11"]
[Round "7.121"]
[White "Blank, David"]
[Black "Rubtsov, Daniil"]
[Result "0-1"]
[WhiteElo "1818"]
[BlackElo "1522"]
[WhiteFideId "24195855"]
[BlackFideId "34174513"]
[EventDate "2013.10.05"]

1. e4 e5 2. Nf3 Nc6 3. Bc4 Nf6 4. Ng5 d5 5. exd5 Na5 6. Bb5+ c6 7. dxc6 bxc6 8.
Qf3 Bd7 9. Ba4 Be7 10. O-O O-O 11. Re1 Bg4 12. Qg3 Bd6 13. Ne4 Nxe4 14. Qxg4 f5
15. Qh5 Qb6 16. Qf3 Bc5 17. Re2 g5 18. Bb3+ Kh8 19. h3 g4 20. hxg4 Ng5 21. Qg3
Nxb3 22. Qxe5+ Kg8 23. axb3 Rae8 24. Qxe8 Rxe8 25. Rxe8+ Kf7 26. Re2 Bxf2+ 27.
Rxf2 Ne4 28. d4 Qxd4 29. Nc3 Qxf2+ 30. Kh2 Nxc3 31. bxc3 fxg4 32. Bg5 Kg6 33.
Be7 Qxc2 34. Rxa7 Qxb3 35. Ra3 Qe6 36. Bb4 Qe5+ 37. g3 Qh5+ 38. Kg1 Qe5 39. Kf2
Qe4 40. Kg1 h5 41. Bd6 Qe1+ 0-1

[Event "Chigorin Memorial"]
[Site "St Petersburg RUS"]
[Date "2013.10.11"]
[Round "7.124"]
[White "Stroganov, Anatoly"]
[Black "Stoliarenko, Ivan"]
[Result "0-1"]
[WhiteElo "1781"]
[BlackElo "1724"]
[WhiteFideId "4178955"]
[BlackFideId "24199591"]
[EventDate "2013.10.05"]

1. d4 Nf6 2. Nf3 e6 3. e3 d5 4. Bd3 c5 5. b3 Nc6 6. O-O a6 7. Bb2 b5 8. dxc5
Bxc5 9. a4 bxa4 10. Rxa4 O-O 11. Ne5 Nb4 12. Ng4 Nxg4 13. Qxg4 e5 14. Qh5 Nxd3
15. cxd3 f6 16. Rh4 h6 17. Qg6 Qe8 18. Qg3 Kh7 19. Nd2 Bd7 20. Rc1 Be7 21. f4 g5
22. fxg5 fxg5 23. Bxe5 g4 24. Rxg4 Bxg4 0-1

[Event "Chigorin Memorial"]
[Site "St Petersburg RUS"]
[Date "2013.10.11"]
[Round "7.125"]
[White "Tarakanova, Valeria"]
[Black "Gantsevich, Dmitry"]
[Result "1-0"]
[WhiteElo "1775"]
[BlackElo "1655"]
[WhiteFideId "24179205"]
[BlackFideId "24162582"]
[EventDate "2013.10.05"]

1. e4 c5 2. Nf3 d6 3. d4 cxd4 4. Nxd4 Nf6 5. Nc3 a6 6. Be3 e6 7. g4 h6 8. Rg1 b5
9. Bd3 Nbd7 10. h4 b4 11. Nc6 Qc7 12. Nxb4 a5 13. g5 hxg5 14. hxg5 axb4 15. Nb5
Qa5 16. gxf6 Nxf6 17. f3 Rh2 18. Bf4 b3+ 19. Nc3 bxc2 20. Bxc2 Rh4 21. Qd2 Qb6
22. O-O-O e5 23. Bg5 Rh3 24. Be3 Qa5 25. f4 Ng4 26. Ba4+ Kd8 27. Rge1 Qc7 28.
Kb1 Qc4 29. Bb3 Qa6 30. Bxf7 Rh2 31. Qc1 Qb7 32. Bd5 Qa6 33. Bxa8 Qxa8 34. fxe5
Be6 35. Bg5+ Kd7 36. exd6 Ne5 37. Qf4 Bxa2+ 38. Nxa2 Rxb2+ 39. Kxb2 Qb7+ 40. Ka1
Nc4 41. Qf7+ 1-0

[Event "Chigorin Memorial"]
[Site "St Petersburg RUS"]
[Date "2013.10.11"]
[Round "7.127"]
[White "Potapova, Tatiana"]
[Black "Kvitko, Nikita"]
[Result "0-1"]
[WhiteElo "1636"]
[BlackElo "1788"]
[WhiteFideId "24128503"]
[BlackFideId "13708341"]
[EventDate "2013.10.05"]

1. Nf3 d6 2. d4 g6 3. e4 Bg7 4. g3 Nf6 5. Nc3 O-O 6. Bg2 c6 7. O-O Bg4 8. Re1
Qd7 9. e5 Nh5 10. Qd2 Na6 11. a3 Nc7 12. b4 h6 13. Bb2 d5 14. Rac1 Bh3 15. Bh1
f5 16. Ne2 Ne6 17. Nh4 Kh7 18. c4 g5 19. Nf3 f4 20. Bg2 Bxg2 21. Kxg2 g4 22.
Qd3+ Kg8 23. Nh4 f3+ 24. Kg1 fxe2 25. Qg6 Nef4 26. gxf4 Nxf4 27. Qc2 Nh3+ 28.
Kh1 Nxf2+ 29. Kg2 g3 0-1

[Event "Chigorin Memorial"]
[Site "St Petersburg RUS"]
[Date "2013.10.12"]
[Round "8.1"]
[White "Eljanov, Pavel"]
[Black "Bukavshin, Ivan"]
[Result "1/2-1/2"]
[WhiteTitle "GM"]
[BlackTitle "GM"]
[WhiteElo "2729"]
[BlackElo "2553"]
[WhiteFideId "14102951"]
[BlackFideId "4199758"]
[EventDate "2013.10.05"]

1. c4 e5 2. Nc3 Nf6 3. Nf3 Nc6 4. g3 d5 5. cxd5 Nxd5 6. Bg2 Nb6 7. O-O Be7 8. d3
O-O 9. a3 Be6 10. Be3 Qd7 11. b4 f6 12. Ne4 Nd5 13. Nc5 Bxc5 14. Bxc5 Rfd8 15.
Qc2 b6 16. Be3 Nxe3 17. fxe3 Ne7 18. Rfd1 a5 19. Nd2 Nd5 20. Bxd5 Bxd5 21. e4
Be6 22. Nf3 axb4 23. axb4 Qd6 24. Qc3 c5 25. bxc5 bxc5 26. Nd2 Qd4+ 27. Qxd4
cxd4 28. Kf2 Kf7 29. Nf3 Rdb8 30. Rxa8 Rxa8 31. e3 dxe3+ 32. Kxe3 Bg4 33. Rd2
Ra1 34. Kf2 Bh3 35. d4 exd4 36. Nxd4 Rh1 37. Ke3 h5 38. Nf5 Bxf5 39. exf5 Re1+
40. Re2 Rf1 41. Rf2 1/2-1/2

[Event "Chigorin Memorial"]
[Site "St Petersburg RUS"]
[Date "2013.10.12"]
[Round "8.8"]
[White "Bernadskiy, Vitaliy"]
[Black "Sjugirov, Sanan"]
[Result "0-1"]
[WhiteTitle "IM"]
[BlackTitle "GM"]
[WhiteElo "2527"]
[BlackElo "2635"]
[WhiteFideId "14100371"]
[BlackFideId "4189302"]
[EventDate "2013.10.05"]

1. d4 Nf6 2. c4 e6 3. Nc3 Bb4 4. e3 O-O 5. Ne2 d5 6. a3 Be7 7. Nf4 c6 8. cxd5
exd5 9. Bd3 a5 10. O-O Na6 11. f3 Nc7 12. Bc2 c5 13. Na4 Na6 14. dxc5 Nxc5 15.
Nc3 Be6 16. Nb5 Bd7 17. Nd4 Ne6 18. Nfe2 Qc7 19. Nf5 Bc5 20. Bd2 Nf4 21. Ned4
Ng6 22. Rc1 Qb6 23. b4 axb4 24. axb4 Bxd4 25. Nxd4 Ne5 26. Bb3 Rfe8 27. Qe2 Ba4
28. Bxa4 Rxa4 29. Qb5 Qxb5 30. Nxb5 Nc4 31. Bc3 Nxe3 32. Rfe1 Nf5 33. Bxf6 Rxe1+
34. Rxe1 gxf6 35. Nc3 Rxb4 36. Nxd5 Rb2 37. Nxf6+ Kg7 38. Nh5+ Kg6 39. Nf4+ Kg5
40. Re4 b5 41. Nd5 h5 42. g3 Rd2 43. Re5 Kg6 44. Nf4+ Kf6 45. Rxb5 h4 46. Nd5+
Kg6 47. Nf4+ Kf6 48. Nh5+ Ke6 49. Rb6+ Ke5 50. Rb7 Nd4 51. Re7+ Kf5 52. Re3 hxg3
53. Nxg3+ Kf4 54. Nf1 Rd1 55. Kg2 f5 56. Ra3 Ne6 57. Ra4+ Rd4 58. Ra2 Kg5 59.
Kg3 Rd1 60. Rf2 f4+ 61. Kh3 Kf5 62. Nd2 Nd4 63. Nc4 Rc1 64. Nd6+ Ke5 65. Nf7+
Kf6 66. Nh6 Kg5 67. Ng4 Rc3 68. Kg2 Nf5 69. Ne5 Ne3+ 70. Kh3 Rc7 71. Rg2+ Kf5
72. Rg4 Kxe5 73. Rh4 Rc2 74. Rh5+ Kd4 75. Rh4 Ke5 76. Rh5+ Kf6 77. Rh6+ Kg5 78.
Rh5+ Kg6 79. Rh4 Kf5 80. Rh5+ Ke6 81. Rh4 Nd5 82. Kg4 Rg2+ 83. Kh3 Rg8 84. Rh5
Ne3 85. Rh4 Ke5 86. Rh7 Rg1 87. Rh5+ Kf6 88. Rh6+ Rg6 89. Rh4 Ke5 90. Rh8 Rg7
91. Re8+ Kf6 92. Rh8 Kg6 93. Kh4 Kf7 94. Ra8 Kf6 95. Rh8 Nf5+ 96. Kh3 Ne3 97.
Kh4 Kf7 98. Ra8 Ke6 99. Rh8 Nf5+ 100. Kh3 Nd4 101. Rh6+ Kf5 102. Rh5+ Kf6 103.
Rh6+ Ke5 104. Rh5+ Ke6 105. Rh6+ Kd5 106. Rh4 Ne6 107. Rh5+ Kd4 108. Kh4 Rg6
109. Ra5 Ke3 110. Kh5 Nf8 111. Ra3+ Kf2 112. h4 Rg3 113. Ra8 Ne6 114. Kh6 Nd4
115. Rf8 Kxf3 116. h5 Ke4 117. Re8+ Kf5 118. Rf8+ Ke5 119. Re8+ Ne6 120. Rf8 f3
121. Rf7 Nf4 122. Re7+ Kf6 123. Rg7 Rh3 0-1

[Event "Chigorin Memorial"]
[Site "St Petersburg RUS"]
[Date "2013.10.12"]
[Round "8.13"]
[White "David, Alberto"]
[Black "Pasiev, Rakhim"]
[Result "1-0"]
[WhiteTitle "GM"]
[BlackTitle "IM"]
[WhiteElo "2574"]
[BlackElo "2385"]
[WhiteFideId "4000013"]
[BlackFideId "24122475"]
[EventDate "2013.10.05"]

1. e4 c5 2. Nf3 Nc6 3. Bb5 g6 4. Bxc6 dxc6 5. d3 Bg7 6. h3 e5 7. Be3 Qe7 8. Qd2
Nf6 9. Qc3 Nd7 10. Nbd2 f5 11. Bg5 Qe6 12. g4 fxg4 13. hxg4 h6 14. Be3 b6 15.
Qb3 Nf8 16. Nc4 Qe7 17. Rg1 Be6 18. Qa4 Nd7 19. Qxc6 O-O 20. Rg3 Rac8 21. Qb5
Rb8 22. a4 Rfc8 23. Bd2 Bf7 24. Ne3 Qd6 25. Ra3 Ra8 26. c4 a6 27. Qb3 b5 28. Qc2
Rab8 29. b3 Nf8 30. Nd5 Bxd5 31. exd5 bxc4 32. bxc4 e4 33. dxe4 Rb2 34. Qd3 Rcb8
35. Kf1 Nd7 36. Bc3 Bxc3 37. Qxc3 Qf4 38. Qe3 Rxf2+ 39. Qxf2 Rb1+ 40. Kg2 Qc1
41. Ng1 Rb2 42. Ne2 Qd1 43. Rge3 Ne5 44. Rac3 1-0

[Event "Chigorin Memorial"]
[Site "St Petersburg RUS"]
[Date "2013.10.12"]
[Round "8.14"]
[White "Al-Modiahki, Mohamad"]
[Black "Ovod, Evgenija"]
[Result "1-0"]
[WhiteTitle "GM"]
[BlackTitle "IM"]
[WhiteElo "2568"]
[BlackElo "2373"]
[WhiteFideId "12100030"]
[BlackFideId "4131827"]
[EventDate "2013.10.05"]

1. e4 e5 2. Nf3 Nc6 3. Bb5 Nf6 4. O-O Bc5 5. Nxe5 Nxe4 6. Qe2 Nxe5 7. Qxe4 Qe7
8. Nc3 Ng6 9. Qxe7+ Bxe7 10. Nd5 c6 11. Nc7+ Kd8 12. Nxa8 cxb5 13. a4 b4 14. d3
b6 15. a5 Bb7 16. axb6 Bxa8 17. Rxa7 Bc6 18. d4 Bd6 19. d5 Bxd5 20. Rd1 Re8 21.
Be3 Ne7 22. Ra5 Kc8 23. Raxd5 Nxd5 24. Rxd5 Re6 25. g3 Kb7 26. Kg2 Kc6 27. Rd3
Be7 28. c4 Bd8 29. b3 d6 30. c5 Be7 31. cxd6 Bxd6 32. Rd4 h5 33. h4 g6 34. Kf3
Rf6+ 35. Ke2 Re6 36. Kd3 Re7 37. Rc4+ Kb5 38. Rc8 Rd7 39. Ke4 Re7+ 40. Kf3 Rd7
41. Rc2 Re7 42. Rd2 Kc6 43. Ra2 Re5 44. Ra7 Rf5+ 45. Ke4 Bb8 46. Re7 Bd6 47. b7
f6 48. Re6 Re5+ 49. Rxe5 Bxe5 50. Bf4 Bxf4 51. gxf4 Kxb7 52. f5 gxf5+ 53. Kxf5
Kc6 54. Kxf6 Kd5 55. Kg5 Kd4 56. f4 Kc3 57. f5 Kxb3 58. f6 Kc2 59. f7 b3 60.
f8=Q b2 61. Qc5+ Kd2 62. Qb4+ Kc1 63. Qc3+ 1-0

[Event "Chigorin Memorial"]
[Site "St Petersburg RUS"]
[Date "2013.10.12"]
[Round "8.15"]
[White "Belous, Vladimir"]
[Black "Akhmetov, Ayan"]
[Result "1-0"]
[WhiteTitle "GM"]
[WhiteElo "2554"]
[BlackElo "2368"]
[WhiteFideId "4174003"]
[BlackFideId "13703706"]
[EventDate "2013.10.05"]

1. d4 d5 2. c4 c6 3. e3 Nf6 4. Bd3 e6 5. Nf3 dxc4 6. Bxc4 b5 7. Bd3 a6 8. a4 Bb7
9. O-O Be7 10. Qe2 Nbd7 11. e4 O-O 12. Bg5 c5 13. e5 Nd5 14. Qe4 g6 15. Qh4 cxd4
16. axb5 Nxe5 17. Bxe7 Nxf3+ 18. gxf3 Qxe7 19. Qxe7 Nxe7 20. bxa6 Bd5 21. b4 Nc6
22. b5 Ne5 23. Be4 Nxf3+ 24. Bxf3 Bxf3 25. Nd2 Be2 26. Rfb1 Rfb8 27. Ra5 f5 28.
f4 g5 29. Kf2 Bd3 30. Rb3 Bc2 31. Rb4 Bd3 32. fxg5 e5 33. Nf3 Re8 34. a7 e4 35.
Nxd4 e3+ 36. Ke1 Re4 37. Ra3 Rxa7 38. Rxd3 Ra2 39. Nc6 Re6 40. b6 Rxc6 1-0

[Event "Chigorin Memorial"]
[Site "St Petersburg RUS"]
[Date "2013.10.12"]
[Round "8.16"]
[White "Baron, Tal"]
[Black "Popov, Valerij"]
[Result "1-0"]
[WhiteTitle "GM"]
[BlackTitle "GM"]
[WhiteElo "2473"]
[BlackElo "2548"]
[WhiteFideId "2809958"]
[BlackFideId "4119410"]
[EventDate "2013.10.05"]

1. e4 e5 2. Nf3 Nc6 3. Bb5 a6 4. Ba4 Nge7 5. c3 g6 6. O-O Bg7 7. d4 exd4 8. cxd4
b5 9. Bc2 d5 10. exd5 Nxd5 11. Bg5 f6 12. Re1+ Nce7 13. Bd2 O-O 14. Nc3 Nxc3 15.
bxc3 Bb7 16. a4 Qd7 17. Bd3 Bc6 18. h4 Nf5 19. h5 Bd5 20. Nh2 Rfe8 21. Qg4 Kf7
22. Nf1 Be6 23. Ng3 Ne7 24. Qe2 c6 25. Ne4 Bf5 26. f3 Qc7 27. h6 Bf8 28. c4 bxc4
29. Bxc4+ Nd5 30. Rac1 Qa7 31. Qd3 a5 32. Ba2 Qd7 33. Qc4 Rac8 34. Qa6 g5 35.
Qxa5 Bxh6 36. Nc5 Rxe1+ 37. Rxe1 Qd6 38. Ne4 Qd7 39. Nc5 Qd6 40. Ne4 Qd7 41. Qa6
Kg6 42. Bb1 Nc7 43. Qc4 Bf8 44. g4 Bxe4 1-0

[Event "Chigorin Memorial"]
[Site "St Petersburg RUS"]
[Date "2013.10.12"]
[Round "8.17"]
[White "Shchukin, Dmitry"]
[Black "Lintchevski, Daniil"]
[Result "0-1"]
[WhiteTitle "IM"]
[BlackTitle "GM"]
[WhiteElo "2318"]
[BlackElo "2532"]
[WhiteFideId "4121724"]
[BlackFideId "4171055"]
[EventDate "2013.10.05"]

1. e4 c6 2. c4 d5 3. cxd5 cxd5 4. exd5 Nf6 5. Qa4+ Nbd7 6. Nc3 g6 7. Nf3 Bg7 8.
Bc4 a6 9. d3 O-O 10. Qa3 b6 11. O-O Bb7 12. Re1 Re8 13. Ng5 Rc8 14. d6 e6 15.
Qb4 b5 16. a4 bxc4 17. Qxb7 h6 18. Nge4 Nxe4 19. Qxe4 Nc5 20. Qxc4 Qxd6 21. d4
Qxd4 22. Qe2 Qd3 23. Be3 Qxe2 24. Rxe2 Red8 25. g3 g5 26. Ra3 Nd3 27. Rb3 Rb8
28. Rb6 Rxb6 29. Bxb6 Rc8 30. a5 Bxc3 31. bxc3 Rxc3 32. Kg2 Nb4 33. h4 gxh4 34.
Re4 Nd5 35. Rg4+ Kf8 36. Bd4 Rc2 37. Rxh4 Ra2 38. Rxh6 Rxa5 39. Rh8+ Ke7 40. Ra8
f6 41. f4 Ra4 42. Bc5+ Kd7 43. Kf3 e5 44. fxe5 fxe5 45. g4 e4+ 46. Kg3 Ra5 47.
Bf8 Ra1 48. Bc5 e3 49. Kf3 Rf1+ 50. Ke2 Rf2+ 51. Kd3 Rd2+ 52. Ke4 e2 53. Bf2 Nc7
54. Ke3 e1=Q+ 55. Bxe1 Rd1 56. Rg8 Rxe1+ 57. Kd4 Kc6 58. g5 Ne6+ 59. Kc4 Re4+
60. Kc3 Rg4 61. g6 Nf4 0-1

[Event "Chigorin Memorial"]
[Site "St Petersburg RUS"]
[Date "2013.10.12"]
[Round "8.18"]
[White "Gorozhanin, Mikhail"]
[Black "Makarov, Marat"]
[Result "0-1"]
[WhiteTitle "FM"]
[BlackTitle "GM"]
[WhiteElo "2315"]
[BlackElo "2512"]
[WhiteFideId "4178262"]
[BlackFideId "4101103"]
[EventDate "2013.10.05"]

1. d4 Nf6 2. c4 e6 3. Nf3 Bb4+ 4. Bd2 a5 5. g3 b6 6. Bg2 Bb7 7. O-O O-O 8. Bf4
Be7 9. Nc3 Ne4 10. Rc1 d6 11. Re1 Nd7 12. Qd3 f5 13. Nd2 Nxc3 14. Bxb7 Nxa2 15.
Bxa8 Qxa8 16. Qe3 Kf7 17. Rcd1 Nb4 18. Rf1 h6 19. Qf3 g5 20. Be3 Qxf3 21. Nxf3
Bf6 22. Bd2 Nc6 23. Bc3 g4 24. Ne1 e5 25. d5 Ncb8 26. Nc2 Na6 27. Ra1 e4 28.
Bxf6 Kxf6 29. b4 Nxb4 30. Nxb4 axb4 31. Rfb1 Nc5 32. Rxb4 e3 33. fxe3 Re8 34.
Ra3 Re4 35. Rc3 Re8 36. Ra3 Re4 37. Ra7 b5 38. Rxc7 bxc4 39. Rxc5 dxc5 40. Rb6+
Ke5 41. d6 Ke6 42. Kf2 c3 43. Ke1 Rb4 44. Rc6 Rb1+ 0-1